Hochhäuser - Australien und Ozeanien (extrem) - Statistiken

Allgemein
  • Dieses Quiz wurde 22 mal gespielt
  • Das Durchschnittsergebnis liegt bei 4 aus 15
Antwortstatistiken
Hint Antwort % Korrekt
11 Chifley Tower / Sydney / Australien (244m)
67%
3 Eureka Tower / Melbourne / Australien (297m)
67%
5 101 Collins Street / Melbourne / Australien (260m)
33%
4 120 Collins Street / Melbourne / Australien (265m)
33%
6 1 William Street / Brisbane / Australien (260m)
33%
2 Australia 108 / Melbourne / Australien (317m)
33%
7 Prima Pearl / Brisbane / Australien (254m)
33%
1 Q1 Tower / Gold Coast / Australien (322m)
33%
8 Rialto Towers / Melbourne / Australien (251m)
33%
16 BHP Tower / Perth / Australien (234)
0%
15 Deutsche Bank Place / Sydney / Australien (240m)
0%
9.1 9.2 Infinity Tower / Brisbane / Australien (249m) Central Park / Perth / Australien (249m)
0%
12.1 12.2 Soleil / Brisbane / Australien (243m) Citigroup Center / Sydney / Australien (243m)
0%
14 Soul / Gold Coast / Australien (243m)
0%
17 World Tower / Sydney / Australien (230m)
0%
Keine übereinstimmenden Quizze gefunden
Verteilung der Resultate
Anzahl Personen mit jedem Resultat
Perzentil nach korrekt beantworteten Fragen
Ihre Resultats-Entwicklung
Sie haben dieses Quiz noch nicht gespielt